| 000 | 00918cam a2200289 4500 | ||
|---|---|---|---|
| 008 | 090401t1997 xxu||||| |||| 00| 0 eng d | ||
| 020 | _a0854068317 | ||
| 035 | _a(Sirsi) u78335 | ||
| 041 | _aeng | ||
| 050 | _a306.1094 | ||
| 110 |
_aRoyal Institution of Chartered Surveyors _94900 |
||
| 245 | _aHousing markets and economic convergence in the European Union. A report for the Royal Institution of Chartered Surveyors and the European Institute, South Bank University | ||
| 260 |
_aLondon _bRICS _c1997 |
||
| 300 | _a52p. ; 24cm. | ||
| 350 | _a19.95 | ||
| 650 | _aEUROPE | ||
| 650 | _aHOUSING INVESTMENT | ||
| 650 | _aHOUSING MARKET | ||
| 650 | _aHOUSING | ||
| 650 | _aPROPERTY CYCLES | ||
| 690 | _aPROPERTY-RESIDENTIAL PROPERTY-RESIDENTIAL PROPERTY MARKET | ||
| 700 | _aBall, Michael | ||
| 700 | _aGrilli, Maurizio | ||
| 710 |
_aSouth Bank University _9492 |
||
| 942 | _n0 | ||
| 948 | _c15/05/1997 | ||
| 999 |
_c96429 _d96429 |
||